00249nam a2200097Ia 4500008004100000100001400041245004100055260003100096300000900127650001500136191201s2014 xx 000 0 und d aGARG, S.K 0aIrrigation Engineering and Hydraulic aN. DelhibKhanna Pubc2014 a1265 aB.Tech(CE)